Szczegóły MARC21

Młodociani mordercy : studia nad agresją i zbrodnią : praca zbiorowa /

003 -Nazwa inst., której nr kontr. jest w polu 001 [,]
    • @
    • Nazwa instytucji, której n kontrolny jest w polu 001
    • NUKAT
005 -DATA I CZAS OSTATNIEJ MODYFIKACJI [,]
    • @
    • pole kontrolne
    • 20241231110939.0
020 -Międzynarod. znormalizowany nr książki - ISBN [ , ]
    • a
    • Numer ISBN
    • 8370633897 Find
040 -Instytucja sporządzająca opis [ , ]
    • a
    • Instytucja, która sporządziła opis (NP)
    • TOR U/KC
    • c
    • Instytucja, która sporządziła rekord (NP)
    • TOR U/KC
    • d
    • Instytucja, która zmodyfikowała rekord (P)
    • TOR U/LF
    • d
    • Instytucja, która zmodyfikowała rekord (P)
    • KR U/16MSs
942 -Rodzaj dokumentu [ , ]
    • c
    • Rodzaj dokumentu
    • Książka
245 -Strefa tytułu i oznaczenia odpowiedzialności [0,0]
    • a
    • Tytuł
    • Młodociani mordercy : Find
    • b
    • Ciąg dalszy tytułu (NP)
    • studia nad agresją i zbrodnią : praca zbiorowa / Find
    • c
    • Pozostałe elementy strefy tytułu i oznaczenia odpowiedzialności (NP)
    • pod red. Wiesława Ambrozika i Floriana Zielińskiego.
246 -Wariant tytułu [1,5]
    • a
    • Tytuł (NP)
    • Juvenile murderers
260 -Strefa adresu wydawniczego [ , ]
    • a
    • Miejsce wydania (P)
    • Poznań :
    • b
    • Nazwa wydawcy (P)
    • Wydaw. Poznańskiego Towarzystwa Przyjaciół Nauk,
    • c
    • Data wydania (P)
    • 2003.
300 -Strefa opisu fizycznego [ , ]
    • a
    • Określenie formy książki i/lub objętość (NP)
    • 178, [5] s. ;
    • c
    • Format (NP)
    • 24 cm.
336 -Typ zawartości [ , ]
    • a
    • Termin opisujący typ zawartości
    • Tekst
    • b
    • Kod określający zawartość
    • txt
    • 2
    • Źródło (terminu i kodu)
    • rdacontent
337 -Typ mediów [ , ]
    • a
    • Tryb odtwarzania
    • Bez urządzenia pośredniczącego
    • b
    • Kod typu mediów
    • n
    • 2
    • Źródło (terminu i kodu)
    • rdamedia
338 -Typ/rodzaj nośnika [ , ]
    • a
    • Hasło opisujące typ nośnika
    • Wolumin
    • b
    • Kod typu nośnika
    • nc
    • 2
    • Źródło (terminu i kodu)
    • rdacarrier
380 -Deskryptor - Forma dzieła (P) [ , ]
    • a
    • forma dzieła (NP)
    • Książki
490 -Strefa serii i książki wielotomowej - forma nie do wyszukiwania [1, ]
    • a
    • Tytuł (P)
    • Prace Komisji Socjologicznej / Poznańskie Towarzystwo Przyjaciół Nauk. Wydział Historii i Nauk Społecznych i Uniwersytet im. Adama Mickiewicza w Poznaniu. Wydział Studiów Edukacyjnych, Find
    • x
    • ISSN (NP)
    • 1230-2198 ;
    • v
    • Numeracja (P)
    • t. 3
830 -Hasło dodatkowe serii i opisu książki wielotomowej - tytuł ujednolicony/tytuł [ ,0]
    • a
    • Tytuł ujednolicony/tytuł (NP)
    • Prace Komisji Socjologicznej - Poznańskie Towarzystwo Przyjaciół Nauk
    • x
    • ISSN
    • 1230-2198
    • v
    • Oznaczenie tomu (NP)
    • t. 3
    • 9
    • KHW
    • 465082
500 -Uwaga ogólna [ , ]
    • a
    • Uwaga ogólna (NP)
    • Materiały z konferencji naukowej zorganizowanej w dniach 11-12 grudnia 2001 r. przez Komisję Socjologiczną Poznańskiego Towarzystwa Przyjaciół Nauk i Zakładu Resocjalizacji Wydziału Studiów Edukacyjnych Uniwersytetu im. Adama Mickiewicza w Poznaniu.
504 -Uwaga dot. bibliogr. załącznikowej [ , ]
    • a
    • Uwaga dot. bibliografii załącznikowej
    • Bibliogr. przy pracach.
080 -Uniwersalna Klasyfikacja Dziesiętna [ , ]
    • a
    • Symbol klasyfikacji
    • 343.915
080 -Uniwersalna Klasyfikacja Dziesiętna [ , ]
    • a
    • Symbol klasyfikacji
    • :343.6-053.6
080 -Uniwersalna Klasyfikacja Dziesiętna [ , ]
    • a
    • Symbol klasyfikacji
    • :343.95-053.6
080 -Uniwersalna Klasyfikacja Dziesiętna [ , ]
    • a
    • Symbol klasyfikacji
    • :159.922.8
080 -Uniwersalna Klasyfikacja Dziesiętna [ , ]
    • a
    • Symbol klasyfikacji
    • :159.942
080 -Uniwersalna Klasyfikacja Dziesiętna [ , ]
    • a
    • Symbol klasyfikacji
    • :316.77
650 -Hasło przedmiotowe [ ,7]
    • a
    • Hasło przedmiotowe
    • Agresywność
    • 2
    • Źródło terminu
    • DBN
    • 9
    • KHW
    • 723169
650 -Hasło przedmiotowe [ ,7]
    • a
    • Hasło przedmiotowe
    • Nieletni przestępcy
    • 2
    • Źródło terminu
    • DBN
    • 9
    • KHW
    • 739079
650 -Hasło przedmiotowe [ ,7]
    • a
    • Hasło przedmiotowe
    • Pedagogika resocjalizacyjna
    • 2
    • Źródło terminu
    • DBN
    • 9
    • KHW
    • 726968
650 -Hasło przedmiotowe [ ,7]
    • a
    • Hasło przedmiotowe
    • Przestępczość nieletnich i młodocianych
    • 2
    • Źródło terminu
    • DBN
    • 9
    • KHW
    • 727833
650 -Hasło przedmiotowe [ ,7]
    • a
    • Hasło przedmiotowe
    • Zabójcy
    • 2
    • Źródło terminu
    • DBN
    • 9
    • KHW
    • 733087
650 -Hasło przedmiotowe [ ,7]
    • a
    • Hasło przedmiotowe
    • Mordercy
    • z
    • Określnik geograficzny
    • Polska
    • v
    • Określnik formalny
    • konferencje.
    • 2
    • Źródło terminu
    • kaba
    • 9
    • KHW
    • 739048
650 -Hasło przedmiotowe [ ,7]
    • a
    • Hasło przedmiotowe
    • Młodociani przestępcy
    • z
    • Określnik geograficzny
    • Polska
    • v
    • Określnik formalny
    • konferencje.
    • 2
    • Źródło terminu
    • kaba
    • 9
    • KHW
    • 645742
655 -Hasło w funkcji tematu formalnego [ ,7]
    • a
    • Hasło
    • Materiały konferencyjne
    • 2
    • Źródło terminu
    • DBN
    • 9
    • KHW
    • 721761
658 -Ujęcie treści [ , ]
    • a
    • dziedzina nauki i sztuki/ sfera aktywności życiowej
    • Socjologia i społeczeństwo
980 -Symbol UKD [ , ]
    • a
    • UKD
    • 343.915:343.6-053.6:343.95-053.6:159.922.8:159.942:316.77
700 -Hasło dodatkowe - nazwa osobowa [1, ]
    • a
    • Nazwa osobowa (NP)
    • Zieliński, Florian. Find
    • e
    • Określenie rodzaju współpracy
    • Red.
    • 9
    • KHW
    • 738999
700 -Hasło dodatkowe - nazwa osobowa [1, ]
    • a
    • Nazwa osobowa (NP)
    • Ambrozik, Wiesław Find
    • d
    • Daty biograficzne (NP)
    • (1947- ).
    • e
    • Określenie rodzaju współpracy
    • Red.
    • 9
    • KHW
    • 45441
710 -Hasło dodatkowe - nazwa ciała zbiorowego [2, ]
    • a
    • Nazwa ciała zbiorowego lub nazwa geograficzna jako pierwszy element (NP)
    • Poznańskie Towarzystwo Przyjaciół Nauk.
    • b
    • Nazwa jednostki podrzędnej (P)
    • Wydawnictwo.
    • 4
    • Kod relacji
    • pbl
    • 9
    • KHW
    • 61250
920 -ISBN [ , ]
    • a
    • ISBN
    • 83-7063-389-7 Find
Lokalizacja Data inwentaryzacji Status udost. Numer inwentarzowy Sygnatura
BG2004-01-261Z.101645Z.101645